[Event "Muensterland Verbandsklasse-B 1011"]
[Site "Germany"]
[Date "2010.09.18"]
[Round "1.7"]
[White "Tenhuendfeld, Bernd"]
[Black "Keller, Hansjuergen"]
[Result "1/2-1/2"]
[WhiteElo "1770"]
[BlackElo "1606"]
[PlyCount "45"]
[EventDate "2010.09.18"]
[EventType "team-tourn"]
[EventRounds "9"]
[EventCountry "GER"]
[SourceTitle "EXT 2012"]
[Source "ChessBase"]
[SourceDate "2011.11.24"]
[SourceVersion "1"]
[SourceVersionDate "2011.11.24"]
[SourceQuality "1"]
[WhiteTeam "Ahaus Wessum"]
[BlackTeam "Nordwalde"]
[WhiteTeamCountry "GER"]
[BlackTeamCountry "GER"]

1. d4 Nf6 2. c4 e6 3. Nf3 d5 4. Nc3 c6 5. e3 Nbd7 6. Bd3 Be7 7. 0-0 0-0 8. Qc2 Qc7 9. e4 dxc4 10. Bxc4 e5 11. h3 exd4 12. Nxd4 Ne5 13. Be2 a6 14. Be3 c5 15. Nf3 Nxf3+ 16. Bxf3 Be6 17. Nd5 Bxd5 18. exd5 h6 19. Rad1 Bd6 20. Qf5 Qd7 21. Qc2 Rac8 22. Rfe1 Rfe8 23. a4 1/2-1/2

[Event "Muensterland Verbandsliga 0809"]
[Site "Germany"]
[Date "2009.01.10"]
[Round "5.7"]
[White "Fischer, Andreas"]
[Black "Tenhuendfeld, Bernd"]
[Result "1/2-1/2"]
[WhiteElo "1893"]
[BlackElo "1787"]
[PlyCount "52"]
[EventDate "2008.09.20"]
[EventType "team-tourn"]
[EventRounds "9"]
[EventCountry "GER"]
[SourceTitle "EXT 2010"]
[Source "ChessBase"]
[SourceDate "2010.11.25"]
[SourceVersion "1"]
[SourceVersionDate "2010.11.25"]
[SourceQuality "1"]
[WhiteTeam "Saerbeck"]
[BlackTeam "Ahaus Wessum"]
[WhiteTeamCountry "GER"]
[BlackTeamCountry "GER"]

1. e4 c5 2. Nf3 d6 3. Bb5+ Bd7 4. Bxd7+ Nxd7 5. 0-0 Ngf6 6. Qe2 e6 7. d4 cxd4 8. Nxd4 a6 9. c4 Be7 10. b3 0-0 11. Bb2 Qc7 12. Nc3 Rfe8 13. Rad1 Rad8 14. Nc2 Ne5 15. Rd2 Bf8 16. f4 Nc6 17. Qf3 Qa5 18. Rfd1 Qh5 19. Qg3 b5 20. cxb5 axb5 21. Re1 Kh8 22. Kh1 b4 23. Na4 Qb5 24. h3 e5 25. Qf3 Be7 26. f5 Qb7 1/2-1/2

[Event "Muensterland Verbandsklasse-A 0708"]
[Site "Germany"]
[Date "2007.11.17"]
[Round "3.8"]
[White "Thieme, Guenter"]
[Black "Tenhuendfeld, Bernd"]
[Result "1/2-1/2"]
[WhiteElo "1596"]
[BlackElo "1783"]
[PlyCount "102"]
[EventDate "2007.09.22"]
[EventType "team"]
[EventRounds "9"]
[EventCountry "GER"]
[SourceTitle "EXT 2009"]
[Source "ChessBase"]
[SourceDate "2008.11.26"]
[SourceVersion "1"]
[SourceVersionDate "2008.11.26"]
[SourceQuality "1"]
[WhiteTeam "Raesfeld Erle"]
[BlackTeam "Ahaus Wessum"]
[WhiteTeamCountry "GER"]
[BlackTeamCountry "GER"]

1. e4 c5 2. Nf3 d6 3. d4 cxd4 4. Nxd4 Nf6 5. Nc3 g6 6. Be2 Bg7 7. Be3 0-0 8. 0-0 Nc6 9. h3 Bd7 10. Qd2 a6 11. Rad1 b5 12. f3 Qc8 13. Nxc6 Bxc6 14. Bd3 Qb7 15. Ne2 Nd7 16. c3 Ne5 17. Nd4 Rac8 18. Nxc6 Rxc6 19. Bd4 Nxd3 20. Qxd3 Bxd4+ 21. cxd4 Rfc8 22. Rf2 Qb6 23. Rdd2 Rc1+ 24. Kh2 Qc6 25. g4 a5 26. d5 Qc5 27. Qd4 Qxd4 28. Rxd4 Ra1 29. b3 Kg7 30. Kg3 Rg1+ 31. Kf4 Rc3 32. e5 Rh1 33. exd6 exd6 34. Kg3 Re1 35. Rdd2 Rc5 36. f4 b4 37. f5 Re3+ 38. Rf3 Rxf3+ 39. Kxf3 gxf5 40. gxf5 Kf6 41. Kf4 Rc1 42. Rf2 Re1 43. Rc2 Rf1+ 44. Ke4 Re1+ 45. Kd4 Kxf5 46. Rf2+ Kg6 47. Rg2+ Kf6 48. Rd2 Rc1 49. Rf2+ Ke7 50. Re2+ Kf8 51. h4 Rc3 1/2-1/2

[Event "Muensterland Verbandsliga 0304"]
[Site "Germany"]
[Date "2003.10.11"]
[Round "2.8"]
[White "Tenhuendfeld, Bernd"]
[Black "Kipp, Lucas"]
[Result "0-1"]
[WhiteElo "1563"]
[BlackElo "1827"]
[PlyCount "66"]
[EventDate "2003.09.27"]
[EventType "team"]
[EventRounds "9"]
[EventCountry "GER"]
[SourceTitle "EXT 2005"]
[Source "ChessBase"]
[SourceDate "2004.11.15"]
[SourceVersion "1"]
[SourceVersionDate "2004.11.15"]
[SourceQuality "1"]
[WhiteTeam "Ahaus Wessum"]
[BlackTeam "Saerbeck Falke"]
[WhiteTeamCountry "GER"]
[BlackTeamCountry "GER"]

1. e4 e6 2. d4 d5 3. Nc3 Nf6 4. Bg5 Bb4 5. e5 h6 6. Bd2 Bxc3 7. bxc3 Ne4 8. Bd3 Nxd2 9. Qxd2 c5 10. f4 Nc6 11. Nf3 Qa5 12. Rb1 a6 13. dxc5 Qxc5 14. Nd4 b5 15. 0-0 Nxd4 16. cxd4 Qxd4+ 17. Kh1 Bd7 18. Rf3 Ke7 19. Qa5 Rhc8 20. Rff1 Qc3 21. Qxc3 Rxc3 22. Rb3 Rac8 23. Kg1 Rxb3 24. axb3 a5 25. Kf2 a4 26. bxa4 bxa4 27. Ke2 Rb8 28. Ra1 Rb4 29. g3 f6 30. exf6+ gxf6 31. h4 e5 32. fxe5 fxe5 33. Kf2 Rb2 0-1